Rice storage and insect pest management (Record no. 298444)
[ view plain ]
| 000 -LEADER | |
|---|---|
| fixed length control field | 00343nam a22001337a 4500 |
| 020 ## - INTERNATIONAL STANDARD BOOK NUMBER | |
| International Standard Book Number | 8170183979 |
| 082 ## - DEWEY DECIMAL CLASSIFICATION NUMBER | |
| Classification number | 632.7 pra/ri |
| 100 ## - MAIN ENTRY--PERSONAL NAME | |
| Personal name | A Prakash |
| -- | J Rao |
| 245 ## - TITLE STATEMENT | |
| Title | Rice storage and insect pest management |
| 260 ## - PUBLICATION, DISTRIBUTION, ETC. (IMPRINT) | |
| Place of publication, distribution, etc. | Delhi |
| Name of publisher, distributor, etc. | B R publishing corporation |
| Date of publication, distribution, etc. | 1987 |
| 300 ## - PHYSICAL DESCRIPTION | |
| Extent | 337 |
| 650 ## - SUBJECT ADDED ENTRY--TOPICAL TERM | |
| Topical term or geographic name as entry element | insects |
| -- | package of practices |
| 942 ## - ADDED ENTRY ELEMENTS (KOHA) | |
| Koha item type | Books (General) |
| Withdrawn status | Lost status | Source of classification or shelving scheme | Damaged status | Not for loan | Home library | Current library | Date acquired | Total Checkouts | Full call number | Barcode | Date last seen | Price effective from | Koha item type |
|---|---|---|---|---|---|---|---|---|---|---|---|---|---|
| Dewey Decimal Classification | College of Agriculture, Padannakkad | College of Agriculture, Padannakkad | 23/01/2016 | 632.7 PRA/RI | KAU_COAP-00749 | 23/01/2016 | 23/01/2016 | Books (General) | |||||
| Dewey Decimal Classification | College of Agriculture, Padannakkad | College of Agriculture, Padannakkad | 27/01/2016 | 632.7 PRA/RI | KAU_COAP-00750 | 26/04/2019 | 27/01/2016 | Books (General) |
